00380nam a2200145 4500003001100000005001700011008004100028040003900069041000800108082001300116100002000129245001600149260003900165650003000204LK-CoMWRAF20230902091104.0230902b1996 |||||||| |||| 00| 0 eng d aLK-CoMWRAFdLK-CoMWRAFeLK-CoMWRAF aeng a823bHAN aHaniffa, S. M.  aMoney power aRajagiriya :bThamil manram,c1996 aEnglish Fiction-Sri Lanka